Véres pünkösd : optimista tragédia két részben /

Main Author: Klimits, Lajos, 1935-1996
Language: Hungarian
Published: Bratislava : Slovenská literárna agentúra, 1971
Physical Description: 54 s.
Book
Saved in:
LEADER 00616nam a22001932a 4500
001 000942490
003 CZ BrMZK
005 20150813142134.0
007 ta
008 090601s1971 xo er|||||||||||hun d
040 |a BOA001  |b cze 
100 1 |a Klimits, Lajos,  |d 1935-1996  |7 xx0193171  |4 aut 
245 1 0 |a Véres pünkösd :  |b optimista tragédia két részben /  |c Lajos Klimits 
260 |a Bratislava :  |b Slovenská literárna agentúra,  |c 1971 
300 |a 54 s. 
910 |a BOA001  |b 1-0660.952 
990 |a BK 
991 |b 200905 
996 7 |b 2619497440  |c 1-0660.952  |l MZK  |r Sklad / do 1 hodiny  |n 0  |w 000942490  |u 000010  |a 1  |e BOA001  |j MZK50  |s A